After the Washington consensus : (Record no. 7130)

MARC details
000 -LEADER
campo de control de longitud fija 00604nam a2200181 4500
001 - NÚMERO DE CONTROL
campo de control 16402
005 - FECHA Y HORA DE LA ÚLTIMA TRANSACCIÓN
campo de control 20230404125916.0
008 - DATOS DE LONGITUD FIJA--INFORMACIÓN GENERAL
campo de control de longitud fija 060907n2003 dr spa
020 ## - NÚMERO INTERNACIONAL ESTÁNDAR DEL LIBRO
Número Internacional Estándar del Libro 0881323470
035 ## - NÚMERO DE CONTROL DEL SISTEMA
-- funglode16536
041 ## - CÓDIGO DE IDIOMA
Código de lengua del texto/banda sonora o título independiente EN
050 14 - SIGNATURA TOPOGRÁFICA DE LA BIBLIOTECA DEL CONGRESO
Número de clasificación 100 HC 125 A258 2003
245 0# - MENCIÓN DEL TÍTULO
Título After the Washington consensus :
Resto del título restarting growth and reform in Latin America /
Mención de responsabilidad, etc. edited by Pedro-Pablo Kuczynski, John Williamson
260 ## - PUBLICACIÓN, DISTRIBUCIÓN, ETC.
Lugar de publicación, distribución, etc. Washington :
Nombre del editor, distribuidor, etc. Institute for International Economics,
Fecha de publicación, distribución, etc. 2003
300 ## - DESCRIPCIÓN FÍSICA
Extensión xii, 373p.
700 ## - ENTRADA AGREGADA--NOMBRE PERSONAL
Nombre de persona Kuczynski, Pedro-Pablo \ Williamson, John
942 ## - ELEMENTOS DE ENTRADA SECUNDARIOS (KOHA)
Fuente del sistema de clasificación o colocación Clasificación de Library of Congress
Tipo de ítem Koha
Holdings
Estatus retirado Estado de pérdida Fuente del sistema de clasificación o colocación Estado de daño No para préstamo Colección Biblioteca de origen Biblioteca actual Ubicación en estantería Fecha de adquisición Serial enumeration / chronology Total checkouts Signatura topográfica completa Código de barras Visto por última vez Precio de reemplazo Tipo de ítem Koha
    Clasificación de Library of Congress     Recursos Regionales Biblioteca Juan Bosch Biblioteca Juan Bosch Recursos Regionales (2do. Piso) 23/10/2018 1   100 HC 125 A258 2003 00000014365 23/10/2018 23/10/2018